Statistics for 1M Cities Starting with M

Click here to take the quiz!

General Stats

  • This quiz has been taken 332 times
  • The average score is 34 of 55

Answer Stats

CityCountry% Correct
MadridSpain
97%
MunichGermany
95%
ManchesterUnited Kingdom
94%
MontrealCanada
94%
ManilaPhilippines
93%
MarseilleFrance
93%
MelbourneAustralia
93%
MilanItaly
93%
MontevideoUruguay
93%
MinskBelarus
92%
MoscowRussia
90%
MuscatOman
90%
MeccaSaudi Arabia
89%
MogadishuSomalia
89%
ManaguaNicaragua
86%
Mexico CityMexico
86%
MonroviaLiberia
86%
ManamaBahrain
84%
MarrakeshMorocco
84%
MaputoMozambique
82%
ManausBrazil
81%
MedellinColombia
81%
MumbaiIndia
81%
MinneapolisUnited States
80%
MonterreyMexico
80%
MedinaSaudi Arabia
78%
MiamiUnited States
78%
MombasaKenya
78%
MálagaSpain
75%
MannheimGermany
70%
MemphisUnited States
70%
MaracaiboVenezuela
69%
MilwaukeeUnited States
69%
MosulIraq
64%
MashhadIran
62%
MandalayMyanmar
60%
MedanIndonesia
60%
MendozaArgentina
47%
MéridaMexico
42%
MultanPakistan
33%
Mbuji-MayiD. R. Congo
32%
MexicaliMexico
30%
MakassarIndonesia
29%
MaracayVenezuela
27%
MaceióBrazil
25%
MaduraiIndia
21%
MysoreIndia
20%
MaiduguriNigeria
19%
McAllenUnited States
19%
MeerutIndia
15%
MalangIndonesia
14%
MorādābādIndia
13%
Ma'anshanChina
9%
MaomingChina
9%
MianyangChina
5%

Score Distribution

Percentile by Number Answered

Percent of People with Each Score

Your Score History

You have not taken this quiz